Ďalší úspech Micka s Dindofferovou

Bibliographic Details
Main Author: (tcf) (Author, Photographer)
Format: Article
Language:Slovak
PhysicalDescription:Fotogr.
ISSN:1210-2423
Subjects:

MARC

LEADER 00000nab a2200000 ar4500
001 vtls010209796
003 SK-MaSNL
005 20260426101345.0
008 110208c2011 xo wr|p|||||||000 b|slo
038 |a PPPK 
040 |a PPPKCL  |b slo  |c PPPKCL  |e AACR2 
041 0 |a slo 
044 |a xo  |c SK 
080 |a 793.3:796.034.6  |2 2001 
100 0 |a (tcf)  |4 aut  |4 pht  |9 1579012 
245 1 0 |a Ďalší úspech Micka s Dindofferovou  |c [text a foto] (tcf) 
300 |b Fotogr. 
600 1 7 |a Mick, Ľubomír  |2 pppkcl  |9 1503463 
600 1 7 |a Dindofferová, Adriána  |2 pppkcl  |9 1579001 
610 2 7 |a Fortuna (tanečná skupina : Poprad, Slovensko)  |2 pppkcl  |9 1104227 
611 2 7 |a Akademické majstrovstvá Európskej únie v tanečnom športe  |d (2010 :  |c Bratislava, Slovensko)  |2 pppkcl  |9 1579013 
648 7 |a 27.11.2010  |2 SNK  |9 1099034 
650 0 7 |a tanečný šport  |2 SNKPH  |9 71032 
651 7 |a Poprad (Slovensko)  |2 SNKPH  |9 20155 
651 7 |a Bratislava (Slovensko)  |2 SNKPHgeo  |9 14568 
773 0 |t Podtatranské noviny  |g Roč. LII, č. 1-2 (2011), s. 8  |x 1210-2423 
852 |a PPPK  |b KIS3GCP 
999 |c 3226811  |d 3228741